| 000 | 00537pab a2200181 454500 | ||
|---|---|---|---|
| 008 | 180718b2005 xxu||||| |||| 00| 0 eng d | ||
| 100 | _aJohnson, P.N.T. | ||
| 245 | _aArrangements for SPS measures and awareness of food safety issues among producers and consumers in Ghana | ||
| 260 | _c2005 | ||
| 300 | _ap.83-96. | ||
| 362 | _aJul-Dec | ||
| 650 | _aConsumers - Ghana | ||
| 650 | _aFood supply - Ghana | ||
| 650 | _aFood supply | ||
| 700 | _aKwadzo, G.T.M. | ||
| 773 | _aAfro-Asian Journal of Rural Development | ||
| 909 | _a68843 | ||
| 999 |
_c68843 _d68843 |
||